アニメ「ひみつのアイプリ」のサブタイトル - Statistics

General Stats
  • This quiz has been taken 3 times
  • The average score is 43 of 103
Answer Stats
話数 Answer 備考 % Correct
20 ひまりのひみつ
100%
1 ひまりのアイプリデビュー! ひまりバズリウムチェンジ成功
50%
2 みつきのひみつの約束 みつきバズリウムチェンジ成功
50%
7 ヴィクトリアのひみつ ひまり&みつきデュオ結成
50%
8 クラスメイトのひみつ クラスメイト回: 花園結心
50%
9 結成!アイプリ探偵団 つむぎバズリウムチェンジ成功
50%
10 みつきのライバル登場!
50%
11 ねこねこ!ひみつの大捜索
50%
12 アイプリバースのひみつ 総集編
50%
13 情熱のグランプリコーデ ローズグランプリお披露目
50%
15 めざせ!グランプリ優勝
50%
16 ひまりとみつきとつむぎ シークレットフレンズ結成
50%
17 アイスマイリンのひみつ アイスマイリンバズリウムチェンジ成功
50%
18 ひまりの卒業試験
50%
19 さがせ!人魚の星くず マーメイドグランプリお披露目
50%
21A ひみつの無人島
50%
21B アイプリ・サマーフェス
50%
22 はしれ!あの子の初恋 クラスメイト回: 早乙女小町
50%
23 秋のカワイイコレクション
50%
24 グランプリコーデのひみつ 総集編
50%
25 生徒会誕生のひみつ
50%
27 ひみつのオシャレ魔女 コラボ
50%
30 ミラクル⁉ハロウィン
50%
31 やくそくの一番星 チィバズリウムチェンジ成功
50%
32 アイムゥとおにごっこ
50%
33 波乱のアイプリグランプリ
50%
35 鈴風つむぎのひみつ
50%
36 ひみつのプリうさ クラスメイト回: 田村鈴夢
50%
37 とびばこ、とべるかな?
50%
38 みつきのホワイトクリスマス
50%
39 ひまり、あらたなステップ! パステルステップデイズ初披露
50%
40 闇夜の一番星 ダークチィ登場
50%
41 最強のダークスター
50%
43 ダークカルテットスター
50%
44 バレンタインとプリうさ姫 総集編?
50%
45 つむぎちゃんを救え!
50%
46 響く、つむぎの想い
50%
47 つむぎに届け、みんなの歌
50%
49 ファイナルグランプリ開幕
50%
50 わたしたちのグランプリ
50%
51 キラキラのスターアイプリ
50%
52 ときめき☆あたらしい出会い 2期1話
50%
53 じゅりあのひみつ じゅりあジュエルバズリウムチェンジ成功
50%
54 えるのひみつ えるジュエルバズリウムチェンジ成功
50%
55 対決!クリーニングマッチ
50%
56 ひみつのアイプリコンテスト ひまり&みつきジュエルバズリウムチェンジ成功
50%
57 雨上がりのふたり ラブジュリエル結成
50%
58 アイプリコンテスト開幕!
50%
59 リング姫、登場 エターナルジュエルお披露目
50%
60 うわさの転校生
50%
61 たったひとつのひみつ みつきスペースバズリウムチェンジ成功
50%
63 とべ!ジャンピンロケット ジャンピンロケット結成
50%
64 マイメロディとクロミがやってきた コラボ
50%
65 おともだちのえがお ひまりスペースバズリウムチェンジ成功
50%
66 第2回アイプリコンテスト
50%
68 みつきと夏のはじまり エターナルスペースお披露目
50%
69 おいチィかき氷はいかが? ウィッシュメロディグランプリお披露目
50%
70 つむぎとサマーフェス シークレットフレンズアニマルバズリウムチェンジ成功
50%
71 ビビはチィの一番弟子 ビビアニマルバズリウムチェンジ成功
50%
73 ギラギラの一番星 ビビアンチィ結成
50%
74 みつきとひみつのバースデー
50%
75 涙のアイプリコンテスト
50%
76 はじめてのステージ エターナルアニマルお披露目
50%
77 プリンセスのきせき 総集編
50%
78 ひみつのテスト つむぎフラワーバズリウムチェンジ成功
50%
81 リング姫とひみつのハロウィン
50%
82 つむぎとリング
50%
83 ひとりぼっちのプリンセス (ルミナスフローラ)結成
50%
84 花咲くアイプリコンテスト
50%
85 わたしたちの勇気 エターナルフラワーお披露目
50%
86 帰ってきたカルテットスター カルテットスターメロディバズリウムチェンジ成功
50%
87 ひまりのママのひみつ ポッピンドリーミンメロディバズリウムチェンジ成功
50%
88 指輪のひみつ
50%
89 楽しいウィンターフェスティバル! 総集編
50%
91 レジェンド・ストーリー!!!! 新曲
50%
93 大好きだから エターナルメロディお披露目
50%
95 わことリング
50%
96 リング・クローバーのひみつ
50%
99 ファイナル・アイプリコンテスト開幕
50%
101 旅だちのうた
50%
102 ひみつのアイプリ
50%
72 真剣勝負!ビビ VS チィ
50%
26 We are カルテットスター! カルテットスター結成
50%
100 We're アイプリ キズナ×リンク全員ver.初披露
50%
3 生徒会のひみつのレッスン
0%
4 ドキドキ!初めての参観日
0%
5 ピカピカ☆おそうじ対決
0%
6 挑戦!アイプリグランプリ ルビー=ラズリバズリウムチェンジ成功
0%
14 とどけ!ひみつのライブ
0%
28 ふわふわ♪お仕事体験 フェザーグランプリお披露目
0%
29 おにいちゃんこうかん
0%
34 ヒカリノコトバ きらめきのうた初披露
0%
42 アイプリバースをとりもどせ
0%
48 ひみつのプリンセス きらめきのうた3人ver.初披露
0%
62 おとめのプロデュース すばるスペースバズリウムチェンジ成功
0%
67 アイムゥ大集合! 総集編
0%
79 ほんとうのキモチ ポッピンドリーミンフラワーバズリウムチェンジ成功
0%
80 うらないとひみつの夢 クラスメイト回: 如月いちか
0%
90 みつきちゃんがいっぱい
0%
92 想い伝わるアイプリコンテスト
0%
94 ひみつのバレンタインデー
0%
97 つながるリング
0%
98 とびらをひらいて ポッピンドリーミンプリンセスバズリウムチェンジ成功
0%
No matching quizzes found
Score Distribution
Percent of People with Each Score
Percentile by Number Answered
Your Score History
You have not taken this quiz